000 00976nas a2200301 4500
001 BR2012004721
003 BR-BrBNA
005 20231205120820.0
007 ta
008 230509b bl.|||p| |||| 00| 00por d
040 _aBR-BrBNA
_bpor
_cBiblioteca Nacional de Agricultura
041 _a(Pt)
072 _aQ80; E73
100 1 _aDella Lucia, S.M.
100 1 _aMinim, V.P.R.
100 1 _aSilva, C.H.O.
100 1 _aMinim, L.A.
100 1 _aSilva, R. de C. dos S.N. da
111 1 _a6º SENSIBER
_cSão Paulo, SP (Brazil)
_d19-21 Aug 2010
245 1 _aAnálise conjunta de fatores baseada em escolhas no estudo da embalagem de iogurte light sabor morango
650 _aACONDICIONAMENTO
650 _aANÁLISE ESTATÍSTICA
650 _aMERCADO
650 _aCONSUMIDOR
773 0 _tBrazilian Journal of Food Technology (Brazil)
_xISSN 1519-0900
_g(Jun 2011), p. 11-18
_wBR2012004721
909 _a202311
_bLúcia
_c55
_dLúcia Elande
942 _2AGRIS
_n0
_cANA
999 _c220457
_d220457